Metro 2033 Universe: Factions - Statistics

General Stats
  • This quiz has been taken 31 times
  • The average score is 3 of 15
Answer Stats
Question Answer % Correct
The Red Line Moscow
82%
Midnight Union Novosibirsk
55%
The English Republic London
36%
Mushroom Pickers Saint Petersburg
36%
Bolsheviks Yekaterinburg
27%
Alberti Milan
18%
Monks Almaty
9%
Gyrmyzy Gasaba Baku
9%
Bishop State Barcelona
9%
The Republic of Rennaissance Chelyabinsk
9%
Gorki Settlement Kazan
9%
Italy/Little China Paris
9%
Police State Madrid
0%
Arcane Asylum Nizhny Novgorod
0%
TC1 Prague
0%
No matching quizzes found
Score Distribution
Percent of People with Each Score
Percentile by Number Answered
Your Score History
You have not taken this quiz